000
00175 a2200097 4500
001
13491
100
_a
Sarkesicn S.C
245
_a
260
_a
_b
_c
090
_c
10496
_d
10496
942
_a
NUST-CAE
_c
M
_c
554
999
_c
248564
_d
248564